000 01095aam a2200301 i 4500
001 768714001
003 CO-MdFUSB
005 20211215160034.0
007 ta
008 211215t1998 sp a|||| |||| 00| 0 spa d
020 _a8482670123
040 _bspa.
_aCO-MdFUSB
_cCO-MdFUSB
_dCO-MdFUSBC
_erda
041 _aspa
082 0 4 _a269
_223
_bB937h
100 1 _aBullón, Dorothy de
_eautor
245 1 0 _aHacía una teología de avivamiento :
_bel análisis de seis casos
_c/ Dorothy de Bullón
264 1 _aBarcelona :
_bClie,
_c[1998]
264 4 _c© 1998
300 _a123 páginas
_c; 23 cm
336 _atexto
_btxt
_2rdacontent
337 _2rdamedia
_asin mediación
_bn
338 _2rdacarrier
_avolumen
_bnc
505 _a- Los Hechos de los Apóstoles - El avivamiento galés de 1904-1905 - El avivamiento coreano de 1907 - El avivamiento en Chile, 1909 - El avivamiento que comenzó en Ruanda en 1936 - La Isla de Timor, Indonesia, 1965-1970 - Hacia una perspectiva teológica de avivamiento
563 _aRústico
653 _aAvivamiento
942 _cBK
945 _aJTF-925
999 _c38280
_d38280